|
|
|
|
| LEADER |
00991nam a2200241 a 4500 |
| 001 |
3141874 |
| 008 |
090913s1974 maua b 000 0 eng d |
| 010 |
|
|
|a \\\73016886
|
| 020 |
|
|
|a 0807031666
|
| 040 |
|
|
|a DLC
|c DLC
|d DLC
|
| 082 |
0 |
0 |
|a 362.7/1
|2 18
|
| 100 |
1 |
|
|a Evans, E. Belle.
|
| 245 |
1 |
0 |
|a Designing a day care center :
|b how to select, design, and develop a day care center /
|c by E. Belle Evans, George Saia, and Elmer A. Evans.
|
| 260 |
|
|
|a Boston :
|b Beacon Press,
|c 1974
|
| 300 |
|
|
|a xvi, 176 p. :
|b illus. ;
|c 20 cm.
|
| 504 |
|
|
|a Bibliography: p. 175-176.
|
| 541 |
1 |
|
|e 00003331
|
| 650 |
|
0 |
|a Day care centers.
|
| 700 |
1 |
|
|a Saia, George E.,
|e joint author.
|
| 700 |
1 |
|
|a Evans, Elmer A.,
|e joint author.
|
| 852 |
4 |
|
|a Ayesha Abed Library
|j General shelf
|
| 999 |
|
|
|c 4060
|d 4060
|
| 952 |
|
|
|0 0
|1 0
|2 ddc
|4 0
|6 362_710000000000000_EVA_1974
|7 0
|9 3738
|a BRACUL
|b BRACUL
|c GEN
|d 2009-10-03
|g 0.00
|l 1
|o 362.71 EVA
|p 3010003331
|r 2020-02-09
|s 2020-02-02
|t 1
|w 2009-10-03
|y BK
|x No price found in the accession register.
|